|
|
|
|
| LEADER |
00000cas a2200000 a 4500 |
| 001 |
vtls010181563 |
| 003 |
SK-MaSNL |
| 005 |
20260228161154.0 |
| 008 |
101021c20109999xo br|p 0 b0hun |
| 022 |
|
|
|a 1338-2438
|
| 040 |
|
|
|a SVKBB
|b slo
|c SVKBB
|d SNK
|e AACR2
|
| 041 |
0 |
|
|a hun
|
| 044 |
|
|
|a xo
|c SK
|
| 072 |
|
7 |
|a 316.3
|x Globálne spoločnosti. Sociálna štruktúra. Sociálne skupiny
|2 konspekt
|
| 080 |
|
|
|a 316.344.6-056.26/.3-053.2
|2 2011
|
| 080 |
|
|
|a 61
|2 2011
|
| 080 |
|
|
|a 050
|2 2011
|
| 080 |
|
|
|a (051)-048.55
|2 2011
|
| 210 |
0 |
|
|a Carissimi
|b (Tlačené vyd.)
|
| 222 |
|
0 |
|a Carissimi
|b (Tlačené vydanie)
|
| 245 |
0 |
0 |
|a Carissimi
|b esély fogyatékos és egészségkárosodott embereknek
|
| 260 |
|
|
|a Bratislava
|b Szlovák Humanitárius Tanács
|c 2010-
|
| 300 |
|
|
|a zv.
|c 30 cm
|
| 310 |
|
|
|a 6x ročne
|
| 362 |
0 |
|
|a 1. évf. 0 sz. (június 2010)-
|
| 500 |
|
|
|a Evidenčné číslo: EV 3982/10
|
| 500 |
|
|
|a Zodp. red.: 2010- , Erika Tóth
|
| 530 |
|
|
|a Online vydanie: Carissimi (Online) ISSN 1338-2446
|
| 650 |
0 |
7 |
|a zdravotne postihnuté deti
|2 SNKPH
|9 1075
|
| 655 |
|
7 |
|a špecializované časopisy
|2 SNKPH
|9 70509
|
| 700 |
1 |
|
|a Tóth, Erika
|4 lso
|9 10513
|
| 710 |
2 |
|
|a Slovenská humanitná rada
|4 pbl
|9 15257
|
| 852 |
|
|
|a Štátna vedecká knižnica v Banskej Bystrici
|
| 856 |
4 |
1 |
|u http://www.carissimi.sk/index.php/a-carissimi-lapja/a-folyoiratrol
|
| 910 |
|
|
|a snk
|
| 910 |
|
|
|a svkbb
|
| 999 |
|
|
|c 4555
|d 6485
|
| 952 |
|
|
|0 0
|1 0
|4 0
|7 0
|8 0
|a SNK
|b SNK
|d 2024-01-22
|i snk2024/1169
|l 0
|o snkČSB 6125/11/2020 D1
|p 17A1522516
|r 2026-02-21 19:50:44
|t č. 1-4
|w 2026-02-21
|y PREZ
|
| 952 |
|
|
|0 0
|1 0
|4 0
|7 0
|8 0
|a SNK
|b SNK
|d 2024-01-22
|i snk2024/1170
|l 0
|o snkČSB 6125/12/2021
|p 17A1522517
|r 2026-02-21 19:50:44
|t č. 1-4
|w 2026-02-21
|y PREZ
|
| 952 |
|
|
|0 0
|1 0
|4 0
|7 0
|8 0
|a SNK
|b SNK
|d 2024-01-22
|i snk2024/1171
|l 0
|o snkČSB 6125/13/2022
|p 17A1522518
|r 2026-02-21 19:50:44
|t č. 1-4
|w 2026-02-21
|y PREZ
|
| 952 |
|
|
|0 0
|1 0
|4 0
|7 0
|8 0
|a SNK
|b SNK
|d 2024-01-22
|i snk2024/1172
|l 0
|o snkČSB 6125/14/2023
|p 17A1522519
|r 2026-02-21 19:50:44
|t č. 1-4
|w 2026-02-21
|y PREZ
|
| 952 |
|
|
|0 0
|1 0
|4 0
|7 0
|8 0
|a SNK
|b SNK
|d 2021-10-27
|i snk2021/16583
|l 0
|o snkČSB 6125/9/2018 D1
|p 17A1461218
|r 2026-02-21 20:00:34
|t č. 1-6
|w 2026-02-21
|y PREZ
|
| 952 |
|
|
|0 0
|1 0
|4 0
|7 0
|8 0
|a SNK
|b SNK
|d 2021-10-27
|i snk2021/16584
|l 0
|o snkČSB 6125/10/2019 D1
|p 17A1461219
|r 2026-02-21 20:00:34
|t č. 1-6
|w 2026-02-21
|y PREZ
|
| 952 |
|
|
|0 0
|1 0
|4 0
|7 0
|8 0
|a SNK
|b SNK
|d 2022-09-08
|i snk2022/13612
|l 0
|o snkČSB 6125/11/2020
|p 17A1463946
|r 2026-02-21 20:01:53
|t č. 1-4
|w 2026-02-21
|y PREZ
|
| 952 |
|
|
|0 0
|1 0
|4 0
|7 0
|8 0
|a SNK
|b SNK
|d 2025-07-18
|i snk2025/11603
|l 0
|o snkČSB 6125/12/2021 D1
|p 17A1557202
|r 2026-02-21 21:10:49
|t č. 1-4
|w 2026-02-21
|y PREZ
|
| 952 |
|
|
|0 0
|1 0
|4 0
|7 0
|8 0
|a SNK
|b SNK
|d 2025-07-18
|i snk2025/11605
|l 0
|o snkČSB 6125/13/2022 D1
|p 17A1557203
|r 2026-02-21 21:10:49
|t č. 1-4
|w 2026-02-21
|y PREZ
|
| 952 |
|
|
|0 0
|1 0
|4 0
|7 0
|8 0
|a SNK
|b SNK
|d 2025-07-18
|i snk2025/11606
|l 0
|o snkČSB 6125/14/2023 D1
|p 17A1557204
|r 2026-02-21 21:10:49
|t č. 1-4
|w 2026-02-21
|y PREZ
|
| 952 |
|
|
|0 0
|1 0
|4 0
|7 0
|8 0
|a SNK
|b SNK
|d 2020-03-13
|i snk2020/6574
|l 0
|o snkČSB 6125/8/2017 D1
|p 17A1387209
|r 2026-02-21 21:53:05
|t č. 1-6
|w 2026-02-21
|y PREZ
|
| 952 |
|
|
|0 0
|1 0
|4 0
|7 0
|8 0
|a SNK
|b SNK
|d 2020-03-13
|i snk2020/6579
|l 0
|o snkČSB 6125/10/2019
|p 17A1387210
|r 2026-02-21 21:53:05
|t č. 1-6
|w 2026-02-21
|y PREZ
|
| 952 |
|
|
|0 0
|1 0
|4 0
|7 0
|8 0
|a SNK
|b SNK
|d 2017-02-14
|i snk2017/4100
|l 0
|o snkČSB 6125/7/2016
|p 17A1148216
|r 2026-02-21 21:55:12
|t č. 1-6
|w 2026-02-21
|y PREZ
|
| 952 |
|
|
|0 0
|1 0
|4 0
|7 0
|8 0
|a SNK
|b SNK
|d 2019-06-24
|i snk2019/17035
|l 0
|o snkČSB 6125/7/2016 D1
|p 17A1368893
|r 2026-02-21 22:14:45
|t č. 1-6
|w 2026-02-21
|y PREZ
|
| 952 |
|
|
|0 0
|1 0
|4 0
|7 0
|8 0
|a SNK
|b SNK
|d 2019-06-24
|i snk2019/17038
|l 0
|o snkČSB 6125/8/2017
|p 17A1368894
|r 2026-02-21 22:14:45
|t č. 1-6
|w 2026-02-21
|y PREZ
|
| 952 |
|
|
|0 0
|1 0
|4 0
|7 0
|8 0
|a SNK
|b SNK
|d 2019-06-24
|i snk2019/17040
|l 0
|o snkČSB 6125/9/2018
|p 17A1368895
|r 2026-02-21 22:14:45
|t č. 1-6
|w 2026-02-21
|y PREZ
|
| 952 |
|
|
|0 0
|1 0
|4 0
|7 0
|8 0
|a SNK
|b SNK
|d 2016-05-04
|i snk2016/11447
|l 0
|o snkČSB 6125/1/2010
|p 17A1099822
|r 2026-02-21 22:16:43
|t č. 0-3,+füzetek 1
|w 2026-02-21
|y PREZ
|
| 952 |
|
|
|0 0
|1 0
|4 0
|7 0
|8 0
|a SNK
|b SNK
|d 2016-05-04
|i snk2016/11465
|l 0
|o snkČSB 6125/2/2011
|p 17A1099823
|r 2026-02-21 22:16:43
|t č. 1-6
|w 2026-02-21
|y PREZ
|
| 952 |
|
|
|0 0
|1 0
|4 0
|7 0
|8 0
|a SNK
|b SNK
|d 2016-05-04
|i snk2016/11466
|l 0
|o snkČSB 6125/3/2012
|p 17A1099824
|r 2026-02-21 22:16:43
|t č. 1-6
|w 2026-02-21
|y PREZ
|
| 952 |
|
|
|0 0
|1 0
|4 0
|7 0
|8 0
|a SNK
|b SNK
|d 2016-05-04
|i snk2016/11467
|l 0
|o snkČSB 6125/4/2013
|p 17A1099825
|r 2026-02-21 22:16:43
|t č. 1-6
|w 2026-02-21
|y PREZ
|
| 952 |
|
|
|0 0
|1 0
|4 0
|7 0
|8 0
|a SNK
|b SNK
|d 2016-05-04
|i snk2016/11470
|l 0
|o snkČSB 6125/5/2014
|p 17A1099840
|r 2026-02-21 22:16:43
|t č. 1-6
|w 2026-02-21
|y PREZ
|
| 952 |
|
|
|0 0
|1 0
|4 0
|7 0
|8 0
|a SNK
|b SNK
|d 2016-05-04
|i snk2016/11473
|l 0
|o snkČSB 6125/6/2015
|p 17A1099839
|r 2026-02-21 22:16:43
|t č. 1-6
|w 2026-02-21
|y PREZ
|
| 952 |
|
|
|0 0
|1 0
|4 0
|7 0
|8 0
|a SNK
|b SNK
|d 2016-05-04
|i snk2016/11475
|l 0
|o snkČSB 6125/6/2015 D1
|p 17A1099838
|r 2026-02-21 22:16:43
|t č. 1-6
|w 2026-02-21
|y PREZ
|
| 952 |
|
|
|0 0
|1 0
|4 0
|7 0
|8 0
|a SNK
|b SNK
|d 2016-05-04
|i snk2016/11476
|l 0
|o snkČSB 6125/5/2014 D1
|p 17A1099837
|r 2026-02-21 22:16:43
|t č. 1-6
|w 2026-02-21
|y PREZ
|
| 952 |
|
|
|0 0
|1 0
|4 0
|7 0
|8 0
|a SNK
|b SNK
|d 2016-05-04
|i snk2016/11483
|l 0
|o snkČSB 6125/4/2013 D1
|p 17A1099828
|r 2026-02-21 22:16:43
|t č. 1-6
|w 2026-02-21
|y PREZ
|
| 952 |
|
|
|0 0
|1 0
|4 0
|7 0
|8 0
|a SNK
|b SNK
|d 2016-05-04
|i snk2016/11488
|l 0
|o snkČSB 6125/3/2012 D1
|p 17A1099829
|r 2026-02-21 22:16:43
|t č. 1-6
|w 2026-02-21
|y PREZ
|
| 952 |
|
|
|0 0
|1 0
|4 0
|7 0
|8 0
|a SNK
|b SNK
|d 2016-05-04
|i snk2016/11492
|l 0
|o snkČSB 6125/2/2011 D1
|p 17A1099830
|r 2026-02-21 22:16:43
|t č. 1-6
|w 2026-02-21
|y PREZ
|
| 952 |
|
|
|0 0
|1 0
|4 0
|7 0
|8 0
|a SNK
|b SNK
|d 2016-05-04
|i snk2016/11504
|l 0
|o snkČSB 6125/1/2010 D1
|p 17A1099831
|r 2026-02-21 22:16:43
|t č. 0-3,+füzetek 1, neúplné
|w 2026-02-21
|y PREZ
|z chýba füzetek1
|